Plantilla Universidad Católica temporada 24/25 - Estadísticas

Estadísticas generales
  • Esta prueba ha sido intentada 38 veces
  • La puntuación promedio es 22 de 26
Estadísticas de respuestas
Hint Respuesta % Correcto
Arquero (1) Vicente Bernedo
100%
Defensa (19) Branco Ampuero
96%
Delantero (11) Clemente Montes
96%
Defensa (2) Daniel González
96%
Arquero (27) Darío Melo
96%
Delantero (30) Diego Valencia
96%
Delantero (9) Fernando Zampedri
96%
Mediocampista (8) Fernando Zuqui
96%
Defensa (23) Tomás Asta-Buruaga
96%
Delantero (18) Eduard Bello
91%
Defensa (17) Gary Medel
91%
Mediocampista (20) Jhojan Valencia
91%
Delantero (35) Diego Corral
87%
Defensa (3) Eugenio Mena
87%
Defensa (6) Sebastián Arancibia
87%
Mediocampista (22) Alfred Canales
83%
Delantero (28) Francisco Arancibia
83%
Delantero (14) Juan Francisco Rossel
83%
Arquero (13) Thomas Gillier
83%
DT Tiago Nunes
83%
Mediocampista (15) Cristian Cuevas
78%
Defensa (12) Guillermo Soto
78%
Delantero (7) Jader Gentil
74%
Mediocampista (25) Agustín Farías
65%
Defensa (21) Dylan Escobar
61%
Defensa (5) Valber Huerta
57%
No se encontraron pruebas coincidentes
Distribución de puntuación
Porcentaje de gente con cada puntuación
Porcentaje por número respondido
Historial de tus puntuaciones
No has intentado esta prueba.